| 000 | 00862cam a2200265 a 4500 | ||
|---|---|---|---|
| 001 | 000005506 | ||
| 005 | 20200929151707.0 | ||
| 008 | 970204s1996 sp a b 000 1 spa | ||
| 010 | _a97111874 | ||
| 020 | _a8437614554 | ||
| 040 |
_aDO-SdBNP _cDLC _dDLC |
||
| 082 |
_aA863.44 _bL951f |
||
| 100 | 1 |
_aLugones, Leopoldo, _d1874-1938. _915596 |
|
| 245 | 1 | 4 |
_aLas fuerzas extrañas / _cLeopoldo Lugones ; edición de Arturo García Ramos. |
| 260 |
_aMadrid : _bCátedra, _c1996. |
||
| 300 |
_a283 p. : _bil. ; _c18 cm. |
||
| 440 | 0 |
_aLetras hispánicas ; _v413 _94208 |
|
| 504 | _aIncluye referencias bibliográficas (p. 87-91). | ||
| 600 | 1 | 4 |
_aLUGONES, LEOPOLDO, _d1874-1938. _915597 |
| 650 | 4 |
_aCuentos argentinos _93752 |
|
| 650 | 4 |
_aSimbolismo _915598 |
|
| 700 | 1 |
_aGarcía Ramos, Arturo, _eed. _915599 |
|
| 910 | _aCatalogación por copia / LC | ||
| 910 | _aWM | ||
| 999 |
_c5305 _d5305 |
||